<?xml version="1.0" encoding="utf-8"?>
<?xml-stylesheet type='text/xsl' href='./oai2.xsl'?>
<OAI-PMH xmlns="http://www.openarchives.org/OAI/2.0/" xmlns:xsi="http://www.w3.org/2001/XMLSchema-instance" xsi:schemaLocation="http://www.openarchives.org/OAI/2.0/ http://www.openarchives.org/OAI/2.0/OAI-PMH.xsd">
  <responseDate>2026-06-07T09:38:13Z</responseDate>
  <request verb="GetRecord" metadataPrefix="marcxml" identifier="record_kuniweb_947218">https://kulturerbe.niedersachsen.de/oai</request>
  <GetRecord>
    <record>
      <header>
        <identifier>record_kuniweb_947218</identifier>
        <datestamp>2026-03-31T19:09:18Z</datestamp>
        <setSpec>slg0191</setSpec>
      </header>
      <metadata>
        <marc:record xmlns:marc="http://www.loc.gov/MARC21/slim" xsi:schemaLocation="http://www.loc.gov/MARC21/slim http://www.loc.gov/standards/marcxml/schema/MARC21slim.xsd">
          <marc:leader>12345nkm  22     uu 4500</marc:leader>
          <marc:controlfield tag="001">947218</marc:controlfield>
          <marc:controlfield tag="003">http://kuniweb.gbv.de</marc:controlfield>
          <marc:controlfield tag="005">2019-09-26T11:34:18</marc:controlfield>
          <marc:controlfield tag="008">|           ||||||||||||||||||||||</marc:controlfield>
          <marc:datafield tag="245" ind1="1" ind2="0">
            <marc:subfield code="a">Foto: Schaffer und Rechnungsführer der Einbecker Nachbarschaft 1905</marc:subfield>
          </marc:datafield>
          <marc:datafield tag="655" ind1=" " ind2="7">
            <marc:subfield code="a">Fotografie</marc:subfield>
          </marc:datafield>
          <marc:datafield tag="046" ind1=" " ind2=" ">
            <marc:subfield code="k">1905</marc:subfield>
            <marc:subfield code="k">1905</marc:subfield>
          </marc:datafield>
          <marc:datafield tag="260" ind1=" " ind2=" ">
            <marc:subfield code="g">1905</marc:subfield>
            <marc:subfield code="g">1905</marc:subfield>
          </marc:datafield>
          <marc:datafield tag="300" ind1=" " ind2=" ">
            <marc:subfield code="a">Breite: 37,3 cm
Höhe: 33,4 cm</marc:subfield>
          </marc:datafield>
          <marc:datafield tag="520" ind1=" " ind2=" ">
            <marc:subfield code="a">montierte Atelieraufnahme von 10 Männergruppen (Schaffer und Rechnungsführer der Einbecker Nachbarschaft 1905), teils sitzend, teils stehend, im Anzug und mit Schärpe, mit Requisiten. Das ganze eingebettet in eine Parklandschaft, im Hintergrund eine Gruppe weißgekleideter Mädchen mit Kränzen. 

Das Bild war offenbar vormals gerahmt, Reste des Papier-Klebestreifens auf der Rückseite erhalten

Foto kaschiert auf eine Zierkarton mit Linien- und Rankendekor, brauner Druck auf grauem Grund (Stadtmuseum Einbeck)

Aufdruck:
Vorderseite: Schaffer u. Rechnungsführer der Einbecker Nachbarschaft 1905 Nennung sämtlicher Nachbarschaftsgemeinden inkl. der Namen der Beteiligten Auf dem Foto selbst unten links: H. Springmeier, Photograph Einbeck (Aufdruck in schwarz auf dem rahmenartigen Fotokarton)

Aufschrift:
Rückseite: (1) Dem Städtischen Heimatmuseum Einbeck habe ich heute dieses Bild von der Einbecker Nachbarschaft 1905 übergeben. Einbeck, den 30. Sept. 1952 (2) Georg Arnemann (3) A 592 ((1) handschriftlich, blauer Kugelschreiber, Handschrift Georg Ernst (2) eigenhändige Unterschrift des Schenkers, blauer Kugelschreiber (3) handschriftlich, blaue Tinte und blauer Kugelschreiber, dazu Museumsstempel. Der später zugefügte Stempel "Stadtarchiv Einbeck" wurde gestrichen.)</marc:subfield>
          </marc:datafield>
          <marc:datafield tag="650" ind1="1" ind2=" ">
            <marc:subfield code="a">Grafik, Fotografie &gt; Fotografie</marc:subfield>
          </marc:datafield>
          <marc:datafield tag="773" ind1="0" ind2=" ">
            <marc:subfield code="t">Sammlung Festtagskultur</marc:subfield>
          </marc:datafield>
          <marc:datafield tag="852" ind1=" " ind2=" ">
            <marc:subfield code="a">Stadtmuseum Einbeck</marc:subfield>
          </marc:datafield>
          <marc:datafield tag="852" ind1=" " ind2=" ">
            <marc:subfield code="a">Einbeck (Northeim, Niedersachsen)</marc:subfield>
          </marc:datafield>
          <marc:datafield tag="" ind1=" " ind2=" ">
            <marc:subfield code="a">Namensnennung - Weitergabe unter gleichen Bedingungen 4.0 International (CC BY-SA 4.0)</marc:subfield>
          </marc:datafield>
        </marc:record>
      </metadata>
    </record>
  </GetRecord>
</OAI-PMH>
